000 00829nam a22002777a 4500
001 BR9509653
003 BR-BrBNA
005 20230928095128.0
007 ta
008 230509b bl.||||| |||| 00| 0 por d
040 _aBR-BrBNA
_bpor
_cBiblioteca Nacional de Agricultura
041 _a(Eng)
072 _aH10
_b4020
_b3877
090 _ 4020 BR9509653
100 1 _aBranco, M.C.
110 1 _aUniversity of Wales, Bangor (Uk)
_0Tese (Magister in Philosophiae)
_911339
245 1 _aInsecticide resistance and migration in Diamondback Moth, Plutella xylostella, in Brazil
260 3 _aBangor (UK):
_c1995.
300 _a83 p.
500 _a12 ref.; Summary (Eng)
650 _aTraca das Cruciferas
650 _aInseticida
650 _aVariedade Resistente
909 _a202309
_bLucia
_c55
_dLucia Elande
942 _cBK
999 _c54689
_d54689